| 000 | 00356nam a2200157Ia 4500 | ||
|---|---|---|---|
| 001 | 13685 | ||
| 003 | GE_BSU | ||
| 008 | 181216s||||||||xx |||||||||||||| ||und|| | ||
| 040 | _cGE_BSU | ||
| 245 | 4 | _aThe Economist, November 22ND-28TH. 2014 | |
| 245 | _bNumber 8914. Volume 413 | ||
| 260 | _c2014 | ||
| 300 | _a86p. | ||
| 653 | _aThe Economist | ||
| 942 | _cCR | ||
| 999 |
_c46834 _d46834 |
||